000 01014nam a2200289Ia 4500
005 20240207081022.0
008 130821s2012 xxuad gr 1 eng
020 _a205060634
020 _z9780205060633
020 _a9780205060634 (5a.Ed.)
020 _a9780205723775 (4a.Ed.)
020 _a9781032447933 (7a.Ed.)
040 _aCO-BoUCM
_bspa
_cDeissy Garcia (modificó)
_dDavid Moreno (modificó)
041 0 0 _aeng
100 1 _aOatley, Thomas H.
_d1962-
_951327
245 1 0 _aInternational political economy
_cThomas Oatley
250 _aSeptima edición
260 _aBoston (Massachusetts, Estados Unidos)
_bLongman
_c2016
300 _axv, 416 páginas
_bgráficas
504 _aIncluye referencias bibliográficas e índices y glosario
650 7 _aEconomía internacional
_97543
650 7 _aFinanzas internacionales
_915897
650 7 _aGlobalización
_9216
690 _aEconomía internacional
_97543
942 _cLIBRO
_a7
_e7
_mO119i
_2DEWEY
_h337
_n0
999 _c37531
_d37531